[Event "St Petersburg Summer op"]
[Site "St Petersburg"]
[Date "2017.08.20"]
[Round "5"]
[White "Privalov, Igor"]
[Black "Yeritsyan, Aram"]
[Result "0-1"]
[WhiteElo "1949"]
[BlackElo "2264"]
[PlyCount "74"]
[EventDate "2017.08.16"]
[EventType "swiss"]
[EventRounds "9"]
[EventCountry "RUS"]
[SourceTitle "CBM 180 Extra"]
[Source "ChessBase"]
[SourceDate "2017.10.06"]
[SourceVersion "1"]
[SourceVersionDate "2017.10.06"]
[SourceQuality "1"]

1. e4 e5 2. Nf3 Nc6 3. Bb5 a6 4. Ba4 Nf6 5. d3 b5 6. Bb3 Be7 7. a4 b4 8. Nbd2 0-0 9. 0-0 d6 10. c3 Rb8 11. Ba2 Be6 12. Nc4 Nd7 13. Be3 d5 14. Ncd2 Nc5 15. Bxc5 Bxc5 16. Nxe5 Nxe5 17. d4 bxc3 18. bxc3 Bd6 19. dxe5 Bxe5 20. Qc2 Qf6 21. Bxd5 Bxc3 22. Rac1 Be5 23. Nc4 Bf4 24. Rcd1 Qh6 25. g3 Bh3 26. Rfe1 c6 27. e5 cxd5 28. Rxd5 Be6 29. Rd6 Rbc8 30. Re4 Bxe5 31. Rxe5 Rxc4 32. Qxc4 Bxc4 33. Rxh6 gxh6 34. Rc5 Bb3 35. Rc6 Ra8 36. a5 Kg7 37. f4 Ba4 0-1

[Event "Samara Polugaevsky Memorial 7th"]
[Site "Samara"]
[Date "2017.07.16"]
[Round "9"]
[White "Popov, Alexey"]
[Black "Privalov, Igor"]
[Result "1-0"]
[WhiteElo "2058"]
[BlackElo "1916"]
[PlyCount "119"]
[EventDate "2017.07.08"]
[EventType "swiss"]
[EventRounds "9"]
[EventCountry "RUS"]
[SourceTitle "EXT 2018"]
[Source "ChessBase"]
[SourceDate "2017.10.13"]
[SourceVersion "1"]
[SourceVersionDate "2017.10.13"]
[SourceQuality "1"]

1. d4 Nf6 2. c4 g6 3. Nc3 Bg7 4. e4 0-0 5. Be2 d6 6. Bg5 Nbd7 7. Qd2 c5 8. d5 a6 9. Nf3 Rb8 10. a4 Qa5 11. 0-0 Re8 12. Qc2 h6 13. Bd2 Qc7 14. h3 e6 15. Rfe1 e5 16. Nh2 Nf8 17. Qc1 g5 18. h4 gxh4 19. Bxh6 Bxh6 20. Qxh6 Ng6 21. g3 Qe7 22. gxh4 Qf8 23. Qg5 Nh7 24. Qg3 Kh8 25. Kh1 Qh6 26. Rg1 Nxh4 27. Bg4 Rg8 28. Qh3 Ng5 29. Qe3 f5 30. exf5 Bxf5 31. Rg3 Qh7 32. Be2 Be4+ 33. Nxe4 Qxe4+ 34. Qxe4 Nxe4 35. Rxg8+ Rxg8 36. Ng4 Ng6 37. Kg2 Nf4+ 38. Kf3 Nxe2 39. Rh1+ Kg7 40. Kxe2 b5 41. Kd3 Kf8 42. Kxe4 Rxg4+ 43. Kf5 Rxc4 44. Ke6 Rc2 45. Kxd6 c4 46. axb5 axb5 47. Ke6 Rxb2 48. Rh8+ Kg7 49. Rc8 Rxf2 50. d6 e4 51. d7 Rd2 52. d8Q Rxd8 53. Rxd8 c3 54. Kd5 e3 55. Ra8 c2 56. Ra1 Kf6 57. Ke4 b4 58. Kxe3 b3 59. Kd2 Ke5 60. Kc3 1-0

[Event "Samara Polugaevsky Memorial 7th"]
[Site "Samara"]
[Date "2017.07.15"]
[Round "8"]
[White "Privalov, Igor"]
[Black "Kalashnikova, Elena"]
[Result "1-0"]
[WhiteElo "1916"]
[BlackElo "1722"]
[PlyCount "65"]
[EventDate "2017.07.08"]
[EventType "swiss"]
[EventRounds "9"]
[EventCountry "RUS"]
[SourceTitle "EXT 2018"]
[Source "ChessBase"]
[SourceDate "2017.10.13"]
[SourceVersion "1"]
[SourceVersionDate "2017.10.13"]
[SourceQuality "1"]

1. e4 c5 2. Nf3 d6 3. Bb5+ Nd7 4. c3 a6 5. Ba4 b5 6. Bc2 Ngf6 7. 0-0 e6 8. Qe2 Qc7 9. a4 b4 10. d4 a5 11. c4 cxd4 12. Nxd4 Ba6 13. b3 d5 14. exd5 Nxd5 15. Be4 N7f6 16. Re1 Be7 17. Bxd5 Nxd5 18. Qh5 g6 19. Qf3 Nb6 20. Be3 0-0 21. Nd2 Bb7 22. Nb5 Qc8 23. Qg3 Bc5 24. Nd6 Bxd6 25. Qxd6 Nd7 26. Bh6 Re8 27. Ne4 Qc6 28. Qxd7 Qxd7 29. Nf6+ Kh8 30. Nxd7 Rac8 31. Rad1 Red8 32. f3 Kg8 33. Bg5 1-0

[Event "Samara Polugaevsky Memorial 7th"]
[Site "Samara"]
[Date "2017.07.11"]
[Round "4"]
[White "Bykov, Oleg1"]
[Black "Privalov, Igor"]
[Result "1-0"]
[WhiteElo "2341"]
[BlackElo "1916"]
[PlyCount "43"]
[EventDate "2017.07.08"]
[EventType "swiss"]
[EventRounds "9"]
[EventCountry "RUS"]
[SourceTitle "EXT 2018"]
[Source "ChessBase"]
[SourceDate "2017.10.13"]
[SourceVersion "1"]
[SourceVersionDate "2017.10.13"]
[SourceQuality "1"]

1. e4 c5 2. Nf3 Nc6 3. Bb5 g6 4. Bxc6 dxc6 5. d3 Bg7 6. h3 Nf6 7. Nc3 0-0 8. Be3 Nd7 9. Qd2 Re8 10. Bh6 Bh8 11. h4 Nf8 12. h5 Ne6 13. hxg6 hxg6 14. 0-0-0 b5 15. Ne2 b4 16. Nf4 Qa5 17. Kb1 Rb8 18. e5 Nxf4 19. Qxf4 Be6 20. b3 Rb6 21. Bf8 Bg7 22. Bxg7 1-0

[Event "Samara Polugaevsky Memorial 7th"]
[Site "Samara"]
[Date "2017.07.10"]
[Round "3"]
[White "Privalov, Igor"]
[Black "Martynyuk, Elizaveta"]
[Result "1-0"]
[WhiteElo "1916"]
[BlackElo "2155"]
[PlyCount "88"]
[EventDate "2017.07.08"]
[EventType "swiss"]
[EventRounds "9"]
[EventCountry "RUS"]
[SourceTitle "EXT 2018"]
[Source "ChessBase"]
[SourceDate "2017.10.13"]
[SourceVersion "1"]
[SourceVersionDate "2017.10.13"]
[SourceQuality "1"]

1. e4 c5 2. Nf3 Nc6 3. d4 cxd4 4. Nxd4 g6 5. c4 Nf6 6. Nc3 d6 7. Be3 Bg7 8. Be2 0-0 9. 0-0 Bd7 10. f3 Nxd4 11. Bxd4 a5 12. Qd2 Bc6 13. b3 Nd7 14. Be3 Nc5 15. Rab1 e6 16. Bd4 Be5 17. g3 f5 18. exf5 Rxf5 19. a3 Qg5 20. f4 Bxf4 21. Rxf4 e5 22. Be3 exf4 23. Bxf4 Qf6 24. Bg4 Rxf4 25. gxf4 Rf8 26. Nd5 Bxd5 27. Qxd5+ Kh8 28. Rf1 Nxb3 29. Qxb7 Nd2 30. Rf2 Nxc4 31. Qe4 d5 32. Qd3 Re8 33. h3 Re1+ 34. Kh2 Ne3 35. Be2 Qa1 36. Qxe3 Rh1+ 37. Kg3 Rg1+ 38. Rg2 Qe1+ 39. Kf3 Rh1 40. Qe5+ Kg8 41. Qxd5+ Kg7 42. Qe5+ Kh6 43. Qg5+ Kg7 44. Qe7+ Kh6 1-0

[Event "Samara Polugaevsky Memorial 7th"]
[Site "Samara"]
[Date "2017.07.09"]
[Round "2"]
[White "Vazhenin, Alexei"]
[Black "Privalov, Igor"]
[Result "1/2-1/2"]
[WhiteElo "2144"]
[BlackElo "1916"]
[PlyCount "111"]
[EventDate "2017.07.08"]
[EventType "swiss"]
[EventRounds "9"]
[EventCountry "RUS"]
[SourceTitle "EXT 2018"]
[Source "ChessBase"]
[SourceDate "2017.10.13"]
[SourceVersion "1"]
[SourceVersionDate "2017.10.13"]
[SourceQuality "1"]

1. d4 Nf6 2. c4 g6 3. f3 Bg7 4. e4 0-0 5. Nc3 d6 6. Be3 e5 7. d5 Nh5 8. g4 Nf4 9. h4 f5 10. gxf5 gxf5 11. Qd2 Nd7 12. Nge2 Nc5 13. Ng3 Bf6 14. 0-0-0 Bxh4 15. Qh2 Ng6 16. Nxf5 Bxf5 17. exf5 Rxf5 18. Be2 Qe7 19. Ne4 Kh8 20. Rdg1 Nf4 21. Kd2 Rh5 22. Bxf4 exf4 23. Qxf4 Nxe4+ 24. Qxe4 Bg5+ 25. Kc2 Qxe4+ 26. fxe4 Rxh1 27. Rxh1 Kg7 28. Bg4 h6 29. Kd3 Rf8 30. Bf5 Kf6 31. Kd4 Rg8 32. Be6 Rg7 33. Rf1+ Ke7 34. e5 b6 35. Rf3 h5 36. Ra3 dxe5+ 37. Kxe5 Bf6+ 38. Ke4 a5 39. c5 bxc5 40. Rxa5 Bxb2 41. Rxc5 Kf6 42. a4 Be5 43. Rc2 Bd6 44. Rf2+ Ke7 45. a5 Rg3 46. Rf7+ Kd8 47. Rh7 Ra3 48. Kf5 Bb4 49. Rd7+ Kc8 50. a6 Kb8 51. Rd8+ Ka7 52. Bc8 h4 53. Rh8 h3 54. Kg4 Bd6 55. Rxh3 Rxh3 56. Kxh3 1/2-1/2

[Event "Chigorin Memorial 24th"]
[Site "St Petersburg"]
[Date "2016.10.21"]
[Round "7"]
[White "Ismailov, Ulugbek"]
[Black "Privalov, Igor"]
[Result "0-1"]
[WhiteElo "1895"]
[BlackElo "2163"]
[PlyCount "96"]
[EventDate "2016.10.15"]
[EventType "swiss"]
[EventRounds "9"]
[EventCountry "RUS"]
[SourceTitle "CBM 175 Extra"]
[Source "ChessBase"]
[SourceDate "2016.12.12"]
[SourceVersion "1"]
[SourceVersionDate "2016.12.12"]
[SourceQuality "1"]

1. d4 Nf6 2. c4 g6 3. Nc3 Bg7 4. e4 0-0 5. f3 d6 6. Be3 c5 7. Nge2 Nc6 8. d5 Ne5 9. Ng3 e6 10. Be2 exd5 11. cxd5 a6 12. a4 Bd7 13. a5 b5 14. axb6 Qxb6 15. Ra2 Bb5 16. 0-0 Bxe2 17. Qxe2 Qb3 18. Ra3 Qc4 19. Qc2 Nfd7 20. Rfa1 Nd3 21. Nf1 Nb4 22. Qd1 Ne5 23. f4 Nd7 24. Nd2 Qd3 25. Na2 Qb5 26. Nc3 Qb8 27. Nc4 Nb6 28. Na5 Qc7 29. Qd2 Rfe8 30. Rc1 Rad8 31. Rb3 Nd7 32. Nc4 Nf6 33. e5 dxe5 34. d6 Qc8 35. Nxe5 Qe6 36. Ra3 Rxd6 37. Qf2 Ng4 38. Nxg4 Qxg4 39. Bxc5 Nd3 40. Qd2 Bd4+ 41. Bxd4 Nxc1 42. Qxc1 Rxd4 43. g3 Red8 44. Qe3 Qh3 45. Ra1 Rd2 46. Qf3 Qxh2+ 47. Kf1 Qh3+ 48. Kg1 R8d3 0-1

[Event "Chigorin Memorial 24th"]
[Site "St Petersburg"]
[Date "2016.10.17"]
[Round "3"]
[White "Astakhov, Dmitrii"]
[Black "Privalov, Igor"]
[Result "0-1"]
[WhiteElo "1456"]
[BlackElo "2163"]
[PlyCount "64"]
[EventDate "2016.10.15"]
[EventType "swiss"]
[EventRounds "9"]
[EventCountry "RUS"]
[SourceTitle "CBM 175 Extra"]
[Source "ChessBase"]
[SourceDate "2016.12.12"]
[SourceVersion "1"]
[SourceVersionDate "2016.12.12"]
[SourceQuality "1"]

1. d4 Nf6 2. c4 g6 3. Nc3 Bg7 4. e4 0-0 5. Be2 d6 6. Bg5 Nbd7 7. Qd2 e5 8. dxe5 dxe5 9. Nf3 c6 10. Rd1 Re8 11. 0-0 Bf8 12. Qc1 Qc7 13. a3 a5 14. Rd3 Nc5 15. Bxf6 Nxd3 16. Bxd3 Qd6 17. Bxe5 Qxd3 18. Qf4 f5 19. Qg5 Qd7 20. Rd1 Qf7 21. Qh4 Be7 22. Qh6 Be6 23. exf5 Bxf5 24. Re1 Bf6 25. Bxf6 Rxe1+ 26. Nxe1 Qxf6 27. Qe3 Qf7 28. Qd4 Re8 29. Nf3 Qd7 30. Qc5 Bg4 31. Ne5 Qf5 32. Qe3 Qxe5 0-1

[Event "Voronezh op-B 20th"]
[Site "Voronezh"]
[Date "2016.06.19"]
[Round "7"]
[White "Bezhenar, Georgy"]
[Black "Privalov, Igor"]
[Result "0-1"]
[WhiteElo "2007"]
[BlackElo "1861"]
[PlyCount "56"]
[EventDate "2016.06.12"]
[EventType "swiss"]
[EventRounds "9"]
[EventCountry "RUS"]
[SourceTitle "EXT 2017"]
[Source "ChessBase"]
[SourceDate "2016.10.25"]
[SourceVersion "1"]
[SourceVersionDate "2016.10.25"]
[SourceQuality "1"]

1. d4 Nf6 2. c4 g6 3. g3 Bg7 4. Bg2 0-0 5. Nc3 d6 6. e4 Nbd7 7. Nge2 e5 8. h3 exd4 9. Nxd4 Re8 10. 0-0 Nc5 11. Re1 a5 12. Qc2 Ng4 13. Nce2 Ne5 14. Be3 b6 15. Rad1 Bb7 16. f4 Nc6 17. Nb5 Nb4 18. Qb1 Bxe4 19. Bxe4 Nxe4 20. a3 Nc6 21. b4 axb4 22. axb4 Ra4 23. Nbd4 Nxd4 24. Bxd4 Nxg3 25. Bxg7 Nxe2+ 26. Rxe2 Rxe2 27. Qd3 Raa2 28. Bd4 Qa8 0-1

[Event "EU-ch U10 24th"]
[Site "Batumi"]
[Date "2014.10.21"]
[Round "3"]
[White "Eynullayev, Atilla Elshan"]
[Black "Privalov, Igor"]
[Result "0-1"]
[WhiteElo "1494"]
[BlackElo "1963"]
[PlyCount "53"]
[EventDate "2014.10.19"]
[EventType "swiss"]
[EventRounds "9"]
[EventCountry "GEO"]
[SourceTitle "EXT 2016"]
[Source "ChessBase"]
[SourceDate "2015.10.08"]
[SourceVersion "1"]
[SourceVersionDate "2015.10.08"]
[SourceQuality "1"]

1. e4 c5 2. Nf3 Nc6 3. d4 cxd4 4. Nxd4 Nf6 5. Nc3 e5 6. Ndb5 d6 7. a4 a6 8. Na3 Be6 9. Bg5 Rc8 10. Nc4 Nd4 11. Ne3 Be7 12. Bxf6 Bxf6 13. Bd3 0-0 14. Ned5 Bg5 15. 0-0 g6 16. f4 Bxf4 17. Nxf4 exf4 18. Rxf4 Qb6 19. a5 Ne2+ 20. Kh1 Nxc3 21. bxc3 Qc5 22. h4 Qxc3 23. h5 Qe5 24. Rh4 Qf6 25. Rh2 Bg4 26. Be2 Bxe2 27. Qxe2 0-1

[Event "EU-ch U10 24th"]
[Site "Batumi"]
[Date "2014.10.20"]
[Round "2"]
[White "Privalov, Igor"]
[Black "Skurniak, Szymon"]
[Result "1-0"]
[WhiteElo "1963"]
[BlackElo "1380"]
[PlyCount "74"]
[EventDate "2014.10.19"]
[EventType "swiss"]
[EventRounds "9"]
[EventCountry "GEO"]
[SourceTitle "EXT 2016"]
[Source "ChessBase"]
[SourceDate "2015.10.08"]
[SourceVersion "1"]
[SourceVersionDate "2015.10.08"]
[SourceQuality "1"]

1. e4 e6 2. d4 d5 3. Nc3 Be7 4. e5 c5 5. Nf3 Nc6 6. Be3 cxd4 7. Bxd4 Nh6 8. Bd3 Nb4 9. 0-0 Nxd3 10. Qxd3 0-0 11. Be3 Nf5 12. Nb5 Nxe3 13. Qxe3 Bd7 14. Nbd4 Rc8 15. c3 Qb6 16. Qd2 Rc4 17. Rac1 Rfc8 18. Rc2 R4c7 19. Rfc1 Ba4 20. b3 Be8 21. Qd3 Ba3 22. Re1 Be7 23. h4 a5 24. a4 Bc5 25. h5 h6 26. g4 Bxd4 27. Nxd4 Rc5 28. Qg3 Qd8 29. f4 b5 30. axb5 Bxb5 31. f5 exf5 32. gxf5 Qg5 33. Qxg5 hxg5 34. Re3 a4 35. b4 Rc4 36. Nxb5 Rxb4 37. cxb4 Rxc2 1-0

[Event "Astrakhan Gazprombank-B"]
[Site "Astrakhan"]
[Date "2013.03.08"]
[Round "7"]
[White "Menshenina, Anna"]
[Black "Privalov, Igor"]
[Result "1-0"]
[WhiteElo "1482"]
[BlackElo "1623"]
[PlyCount "77"]
[EventDate "2013.03.02"]
[EventType "swiss"]
[EventRounds "9"]
[EventCountry "RUS"]
[SourceTitle "EXT 2014"]
[Source "ChessBase"]
[SourceDate "2013.11.20"]
[SourceVersion "1"]
[SourceVersionDate "2013.11.20"]
[SourceQuality "1"]

1. e4 c5 2. Ne2 Nc6 3. Nbc3 e6 4. d3 Nd4 5. g3 g6 6. Bg2 Bg7 7. Bd2 Ne7 8. Rc1 d6 9. Be3 0-0 10. Qd2 Re8 11. 0-0 Nec6 12. a3 Nxe2+ 13. Qxe2 Nd4 14. Qd2 Rb8 15. Bh6 Bh8 16. Rb1 b5 17. Ne2 b4 18. Nxd4 Bxd4 19. axb4 cxb4 20. c3 Bh8 21. cxb4 Ba6 22. Be3 Re7 23. Ra1 Qc8 24. Rfc1 Qb7 25. e5 d5 26. f4 Qb5 27. Bf1 Qb7 28. Ra5 Rc8 29. b5 Rxc1 30. Qxc1 d4 31. Bxd4 Qd5 32. Qc5 Bb7 33. Qxd5 Bxd5 34. Rxa7 Rxa7 35. Bxa7 Kf8 36. b6 Ke8 37. Bg2 Kd8 38. Bxd5 exd5 39. b7 1-0

[Event "Astrakhan Gazprombank-B"]
[Site "Astrakhan"]
[Date "2013.03.07"]
[Round "6"]
[White "Privalov, Igor"]
[Black "Isaev, Felix"]
[Result "0-1"]
[WhiteElo "1623"]
[BlackElo "1753"]
[PlyCount "54"]
[EventDate "2013.03.02"]
[EventType "swiss"]
[EventRounds "9"]
[EventCountry "RUS"]
[SourceTitle "EXT 2014"]
[Source "ChessBase"]
[SourceDate "2013.11.20"]
[SourceVersion "1"]
[SourceVersionDate "2013.11.20"]
[SourceQuality "1"]

1. e4 e6 2. d4 d5 3. Nc3 Nf6 4. Bg5 Bb4 5. e5 h6 6. Bd2 Bxc3 7. bxc3 Ne4 8. Qg4 Nxd2 9. Qxg7 Rf8 10. Kxd2 c5 11. Nf3 Qa5 12. Qxh6 Nc6 13. Qe3 b6 14. Bd3 Rg8 15. g3 Rg4 16. Ke2 Bd7 17. h3 cxd4 18. cxd4 Rg8 19. Qd2 Qa3 20. g4 a6 21. g5 b5 22. Bh7 Rg7 23. g6 0-0-0 24. Rad1 fxg6 25. Qh6 Rf7 26. Rd3 Qb2 27. Rd2 Rdf8 0-1

[Event "Astrakhan Ritminform Cup-B"]
[Site "Astrakhan"]
[Date "2013.01.11"]
[Round "7"]
[White "Privalov, Igor"]
[Black "Gorovenko, Darya"]
[Result "1/2-1/2"]
[WhiteElo "1559"]
[BlackElo "1779"]
[PlyCount "83"]
[EventDate "2013.01.04"]
[EventType "swiss"]
[EventRounds "9"]
[EventCountry "RUS"]
[SourceTitle "EXT 2014"]
[Source "ChessBase"]
[SourceDate "2013.11.20"]
[SourceVersion "1"]
[SourceVersionDate "2013.11.20"]
[SourceQuality "1"]

1. e4 e5 2. Nf3 Nc6 3. Bb5 a6 4. Ba4 Nf6 5. Bxc6 dxc6 6. 0-0 Bd6 7. d4 Qe7 8. dxe5 Bxe5 9. Nxe5 Qxe5 10. f4 Qc5+ 11. Kh1 0-0 12. Nc3 Re8 13. Qd3 b5 14. Be3 Qh5 15. e5 Ng4 16. h3 Nxe3 17. Qxe3 Bf5 18. Ne4 Qg6 19. Ng3 Qe6 20. Nxf5 Qxf5 21. Qd3 Qe6 22. Rfd1 Qh6 23. Qf5 Rad8 24. Rd7 Rxd7 25. Qxd7 Rf8 26. Rf1 Qe6 27. Qxe6 fxe6 28. g3 Rd8 29. Kg2 Rd4 30. c3 Rd5 31. Rf2 Kf7 32. Re2 Kg6 33. Kf3 c5 34. g4 c6 35. Ke4 a5 36. b3 Kf7 37. Rc2 c4 38. bxc4 bxc4 39. Rb2 Rd3 40. Rb7+ Kf8 41. Rb8+ Kf7 42. Rb7+ 1/2-1/2

[Event "Astrakhan Ritminform Cup-B"]
[Site "Astrakhan"]
[Date "2013.01.04"]
[Round "1"]
[White "Privalov, Igor"]
[Black "Velichko, Tatiana"]
[Result "0-1"]
[WhiteElo "1559"]
[BlackElo "1861"]
[PlyCount "66"]
[EventDate "2013.01.04"]
[EventType "swiss"]
[EventRounds "9"]
[EventCountry "RUS"]
[SourceTitle "EXT 2014"]
[Source "ChessBase"]
[SourceDate "2013.11.20"]
[SourceVersion "1"]
[SourceVersionDate "2013.11.20"]
[SourceQuality "1"]

1. e4 c5 2. Nf3 d6 3. d4 cxd4 4. Nxd4 Nc6 5. Nc3 Nf6 6. Be3 g6 7. Be2 Bg7 8. Nb3 Bd7 9. 0-0 0-0 10. f4 Rc8 11. Kh1 a6 12. Bf3 b5 13. Nd5 Nxd5 14. exd5 Na5 15. Nxa5 Qxa5 16. c3 b4 17. cxb4 Qxb4 18. Rb1 Bf5 19. Rc1 Rxc1 20. Bxc1 Bxb2 21. Qe2 Bxc1 22. Rxc1 Qxf4 23. Re1 Rc8 24. Qxe7 Rc1 25. Qe2 Bd3 26. Qf2 Qd4 27. Qxd4 Rxe1+ 28. Qg1 Rxg1+ 29. Kxg1 Bc4 30. a3 Kg7 31. Kf2 Kf6 32. Ke3 Ke5 33. Kd2 Bxd5 0-1

[Event "Astrakhan Region-ch"]
[Site "Astrakhan"]
[Date "2012.10.21"]
[Round "9"]
[White "Privalov, Igor"]
[Black "Akopov, Victor"]
[Result "1/2-1/2"]
[WhiteElo "1499"]
[BlackElo "1784"]
[PlyCount "88"]
[EventDate "2012.10.13"]
[EventType "swiss"]
[EventRounds "9"]
[EventCountry "RUS"]
[SourceTitle "EXT 2023"]
[Source "ChessBase"]
[SourceDate "2022.10.05"]
[SourceVersion "1"]
[SourceVersionDate "2022.10.05"]
[SourceQuality "1"]

1. e4 e6 2. d4 d5 3. Nc3 dxe4 4. Nxe4 Nd7 5. Nf3 Ngf6 6. Bg5 Be7 7. Bxf6 Nxf6 8. Bd3 0-0 9. 0-0 b6 10. c3 Bb7 11. Qc2 h6 12. Nxf6+ Bxf6 13. Be4 Bxe4 14. Qxe4 Qd5 15. Qxd5 exd5 16. Rfe1 Rfe8 17. Kf1 Kf8 18. Rxe8+ Rxe8 19. Re1 Rxe1+ 20. Kxe1 Ke7 21. Kd2 Kd6 22. Kd3 a5 23. a4 c6 24. b4 g5 25. g4 Ke6 26. h3 Kd6 27. bxa5 bxa5 28. Nd2 Be7 29. Nb3 Bd8 30. Nc5 Bb6 31. Nb3 Bd8 32. Nc5 Bb6 33. Nb3 Bd8 34. Ke3 Bb6 35. f4 f6 36. f5 Bd8 37. Nc5 Bb6 38. Ne6 c5 39. dxc5+ Bxc5+ 40. Nxc5 Kxc5 41. Kd3 Kc6 42. Kd4 Kd6 43. Ke3 Kc5 44. Kd3 Kc6 1/2-1/2

[Event "Astrakhan Region-ch"]
[Site "Astrakhan"]
[Date "2012.10.15"]
[Round "3"]
[White "Privalov, Igor"]
[Black "Marchenko, Nikolay"]
[Result "0-1"]
[WhiteElo "1499"]
[BlackElo "1843"]
[PlyCount "78"]
[EventDate "2012.10.13"]
[EventType "swiss"]
[EventRounds "9"]
[EventCountry "RUS"]
[SourceTitle "EXT 2023"]
[Source "ChessBase"]
[SourceDate "2022.10.05"]
[SourceVersion "1"]
[SourceVersionDate "2022.10.05"]
[SourceQuality "1"]

1. e4 g6 2. d4 Bg7 3. Be3 c6 4. Nc3 d5 5. Nf3 dxe4 6. Nxe4 Nd7 7. Be2 Ngf6 8. Nxf6+ Nxf6 9. 0-0 0-0 10. Qd2 Ne4 11. Qd1 Qc7 12. Bd3 Nf6 13. Qd2 Nd5 14. c4 Nxe3 15. fxe3 e5 16. Qf2 f5 17. dxe5 Bxe5 18. Nxe5 Qxe5 19. Rae1 c5 20. e4 f4 21. b3 Bd7 22. Rd1 Bc6 23. Bc2 Rad8 24. Rxd8 Rxd8 25. Qxf4 Qxf4 26. Rxf4 Rd2 27. Rf2 Rd4 28. Re2 Kf7 29. Kf2 Ke6 30. Kf3 Ke5 31. g3 b6 32. Kg4 h6 33. Kf3 Bb7 34. h3 Bc6 35. Bb1 Rd1 36. Bc2 Rc1 37. Ke3 g5 38. Rh2 Bxe4 39. Kd2 Rxc2+ 0-1

[Event "Astrakhan Region-ch"]
[Site "Astrakhan"]
[Date "2012.10.13"]
[Round "1"]
[White "Alekseeva, Alena"]
[Black "Privalov, Igor"]
[Result "1-0"]
[WhiteElo "1955"]
[BlackElo "1499"]
[PlyCount "63"]
[EventDate "2012.10.13"]
[EventType "swiss"]
[EventRounds "9"]
[EventCountry "RUS"]
[SourceTitle "EXT 2023"]
[Source "ChessBase"]
[SourceDate "2022.10.05"]
[SourceVersion "1"]
[SourceVersionDate "2022.10.05"]
[SourceQuality "1"]

1. Nf3 d5 2. e3 c5 3. b3 Nc6 4. Bb2 e6 5. Bb5 Nf6 6. 0-0 Be7 7. d4 0-0 8. Nbd2 Bd7 9. Bxc6 Bxc6 10. Ne5 Nd7 11. Nxc6 bxc6 12. f4 Rb8 13. f5 cxd4 14. fxe6 fxe6 15. Qg4 Rf5 16. Bxd4 Qf8 17. c4 Bb4 18. Rxf5 exf5 19. Qe2 Re8 20. cxd5 c5 21. Bb2 f4 22. Nc4 Nb6 23. a3 Nxc4 24. Qxc4 Ba5 25. exf4 Kh8 26. Be5 Qe7 27. Rf1 Bc7 28. Bxc7 Qxc7 29. b4 Rc8 30. Rc1 Rf8 31. g3 Qe7 32. Qxc5 1-0